000 00339nam a22001457a 4500
008 230403b ||||| |||| 00| 0 eng d
020 _a1560533250
041 _aeng
080 _2VOLUME 15
_a61
082 _a61HAN
100 _a2
101 _aMJEKSI
245 _aTHE WORKPLACE AND CARDIOVASCULAR DISEASE
_cHANLEY.B
942 _2udc
_cBK
999 _c59487
_d59487